| 000 | 01204nam a2200421 a 4500 | ||
|---|---|---|---|
| 003 | AR-BaBNM | ||
| 005 | 20251128203446.0 | ||
| 008 | 082120s2002 ||||||||||||||000 | spa|| | ||
| 020 | _a84-316-1866-3 | ||
| 040 | _cAR-BaBNM | ||
| 245 | 0 | 0 |
_aHistoria social y económica de España y América _n5 |
| 250 | _a3ª ed. | ||
| 260 |
_aBarcelona _bVicens Vives _c1979 |
||
| 300 |
_a706 p. _btablas,gráfs. |
||
| 490 | 0 | _aLibros Vicens. Bolsillo | |
| 500 | _aIndice alfabético p. 681-706 | ||
| 504 | _aContiene bibliografía para consultar p. 609-682 | ||
| 650 | 4 | _aSOCIEDAD | |
| 650 | 4 | _aECONOMIA | |
| 650 | 4 | _aRELIGION | |
| 650 | 4 | _aDEMOGRAFIA | |
| 650 | 4 | _aREFORMA AGRARIA | |
| 650 | 4 | _aCIENCIAS POLITICAS | |
| 650 | 4 | _aCOSTUMBRES | |
| 650 | 4 | _aMONEDA | |
| 650 | 4 | _aINFLACION | |
| 650 | 4 | _aCOMERCIO | |
| 650 | 4 | _aHISTORIA LATINOAMERICANA | |
| 650 | 4 | _aHISTORIA EUROPEA | |
| 651 | 4 | _aEspaña | |
| 700 | 1 |
_aVicens Vives, Jaime _edirector |
|
| 700 | 1 |
_aNadal Oller, Jorge _ecolaborador |
|
| 700 | 1 |
_aOrtega Canadell, Rosa _ecolaborador |
|
| 700 | 1 |
_aHernández Sanchez-Barba, Mario _ecolaborador |
|
| 800 | 1 |
_aVicens Vives, Jaime _edirector |
|
| 942 | _cBK | ||
| 998 | _cmariana | ||
| 999 |
_c3475 _d3475 |
||